[Event "Skakligaen 2023-24"]
[Site "Denmark"]
[Date "2023.10.28"]
[Round "1.1"]
[Board "1"]
[White "Mikkelsen, Nikolaj"]
[Black "Chatalbashev, Boris"]
[Result "1/2-1/2"]
[WhiteElo "2485"]
[BlackElo "2467"]
[PlyCount "130"]
[WhiteTeam "BMS"]
[BlackTeam "Fredericia"]
[EventDate "2023.10.28"]
[EventType "team-tourn"]
[EventRounds "9"]
[EventCountry "DEN"]
[SourceTitle "Live v. Kasper Jerwiarz"]
[Table "1"]

1. e4 c5 2. Nf3 Nc6 3. Bb5 g6 4. O-O Bg7 5. c3 Nf6 
6. Re1 O-O 7. d4 d5 8. e5 Ne4 9. Bxc6 bxc6 10. Be3 Qb6 
11. Qc1 cxd4 12. cxd4 f6 13. Nc3 Bf5 14. exf6 exf6 15. Nxe4 Bxe4 
16. Nd2 Rae8 17. Nb3 g5 18. Bd2 Bf5 19. Ba5 Qb5 20. Qc3 Qc4 
21. Bb4 Rxe1+ 22. Rxe1 Rb8 23. Bd6 Qxc3 24. bxc3 Rc8 25. f3 h5 
26. Kf2 Bf8 27. Bb4 Kf7 28. Re3 Bc2 29. Bxf8 Bxb3 30. Bc5 Bxa2 
31. Re7+ Kg6 32. Rxa7 Bc4 33. Rb7 Ra8 34. Ba7 h4 35. g3 hxg3+ 
36. hxg3 Rh8 37. Re7 Rh2+ 38. Kg1 Rc2 39. Re3 Kf5 40. Bb8 g4 
41. Bd6 Be2 42. fxg4+ Kxg4 43. Kf2 Bf3+ 44. Ke1 f5 45. Be5 Be4 
46. Kd1 Rb2 47. Kc1 Ra2 48. Kd1 Kh3 49. Ke1 Ra5 50. Re2 Bf3 
51. Rf2 Kg4 52. Kd2 Ra1 53. Bf4 Rd1+ 54. Kc2 Rg1 55. Kd2 Be4 
56. Be5 Ra1 57. Bf4 Bf3 58. Be5 Ra8 59. Bf4 Be4 60. Be5 Ra5 
61. Bf4 c5 62. dxc5 Rxc5 63. Be5 Ra5 64. Ke3 Ra1 65. Rh2 Rh1 
1/2-1/2

[Event "Skakligaen 2023-24"]
[Site "Denmark"]
[Date "2023.10.28"]
[Round "1.2"]
[Board "2"]
[White "Fries Nielsen, Jens Ove"]
[Black "Haubro, Martin"]
[Result "0-1"]
[WhiteElo "2378"]
[BlackElo "2405"]
[PlyCount "60"]
[WhiteTeam "Fredericia"]
[BlackTeam "BMS"]
[EventDate "2023.10.28"]
[EventType "team-tourn"]
[EventRounds "9"]
[EventCountry "DEN"]
[SourceTitle "Live v. Kasper Jerwiarz"]
[Table "2"]

1. e4 c5 2. Nf3 d6 3. Bc4 Nf6 4. d3 Nc6 5. O-O g6 
6. Ng5 e6 7. f4 h6 8. Nf3 Bg7 9. Bb3 O-O 10. c3 b5 
11. Bc2 b4 12. Ba4 Qc7 13. c4 Bb7 14. h3 Rad8 15. Be3 Nd7 
16. Qc1 f5 17. Nbd2 Nd4 18. Bxd4 cxd4 19. Bxd7 Rxd7 20. exf5 gxf5 
21. a3 bxa3 22. Rxa3 Ba8 23. b4 d5 24. Ne5 Bxe5 25. fxe5 dxc4 
26. Nxc4 Rg7 27. Ra2 Qb7 28. Qd2 Kh7 29. Kh2 Rfg8 30. Rf2 Rg3 
0-1

[Event "Skakligaen 2023-24"]
[Site "Denmark"]
[Date "2023.10.28"]
[Round "1.3"]
[Board "3"]
[White "Kistrup, Nicolai"]
[Black "Light, Bjarne"]
[Result "1-0"]
[WhiteElo "2387"]
[BlackElo "2212"]
[PlyCount "91"]
[WhiteTeam "BMS"]
[BlackTeam "Fredericia"]
[EventDate "2023.10.28"]
[EventType "team-tourn"]
[EventRounds "9"]
[EventCountry "DEN"]
[SourceTitle "Live v. Kasper Jerwiarz"]
[Table "3"]

1. e4 c5 2. Nf3 e6 3. c3 d5 4. exd5 exd5 5. d4 Nc6 
6. Bb5 Bd6 7. dxc5 Bxc5 8. O-O Nge7 9. h3 O-O 10. Nbd2 a6 
11. Bd3 Bf5 12. Nb3 Bb6 13. Bxf5 Nxf5 14. Qd3 Qd7 15. Bf4 Rad8 
16. Rad1 Qc8 17. Rfe1 h6 18. Ne5 Rfe8 19. Nxc6 bxc6 20. c4 Re4 
21. Rxe4 dxe4 22. Qe2 Rxd1+ 23. Qxd1 e3 24. c5 exf2+ 25. Kxf2 Bd8 
26. Qe2 Bh4+ 27. Kg1 Bf6 28. Kh2 Ne7 29. Bd6 Nf5 30. Bf4 Ne7 
31. Na5 Qd8 32. Qxa6 Qd4 33. Qc4 Qxb2 34. Qe4 Qb5 35. Nb3 Nd5 
36. Bd6 Qb7 37. Qe8+ Kh7 38. Na5 Qb1 39. Nxc6 Qxa2 40. Qxf7 Qd2 
41. Qe6 Ne3 42. Qe4+ Kh8 43. Bf4 Bg5 44. Bxg5 hxg5 45. Ne7 Nf1+ 
46. Kg1 1-0

[Event "Skakligaen 2023-24"]
[Site "Denmark"]
[Date "2023.10.28"]
[Round "1.4"]
[Board "4"]
[White "Schwarz, Frank"]
[Black "Jacobsen, Mikkel Manosri"]
[Result "0-1"]
[WhiteElo "2226"]
[BlackElo "2321"]
[PlyCount "80"]
[WhiteTeam "Fredericia"]
[BlackTeam "BMS"]
[EventDate "2023.10.28"]
[EventType "team-tourn"]
[EventRounds "9"]
[EventCountry "DEN"]
[SourceTitle "Live v. Kasper Jerwiarz"]
[Table "4"]

1. e4 c5 2. Nc3 Nc6 3. Nge2 e5 4. g3 d6 5. Bg2 g6 
6. d3 Bg7 7. Nd5 Nf6 8. Bg5 h6 9. Bxf6 Bxf6 10. Nxf6+ Qxf6 
11. Nc3 Be6 12. Nd5 Bxd5 13. exd5 Ne7 14. c3 O-O 15. O-O h5 
16. a4 b6 17. Qe2 Rae8 18. Rfb1 Kg7 19. Qf3 Qxf3 20. Bxf3 Rc8 
21. Re1 f5 22. Bg2 g5 23. a5 b5 24. a6 g4 25. Ra5 Rb8 
26. b4 cxb4 27. cxb4 Rfc8 28. h3 Kf6 29. hxg4 hxg4 30. f3 gxf3 
31. Bxf3 Rc3 32. Rd1 e4 33. Be2 Rc2 34. Re1 Rg8 35. dxe4 Rxg3+ 
36. Kf1 f4 37. e5+ dxe5 38. d6 Nf5 39. Rxb5 Ne3+ 40. Kf2 e4 
0-1

[Event "Skakligaen 2023-24"]
[Site "Denmark"]
[Date "2023.10.28"]
[Round "1.5"]
[Board "5"]
[White "Rostgaard, Tobias Valentin"]
[Black "Moeller, Dustin"]
[Result "1-0"]
[WhiteElo "2308"]
[BlackElo "2206"]
[PlyCount "79"]
[WhiteTeam "BMS"]
[BlackTeam "Fredericia"]
[EventDate "2023.10.28"]
[EventType "team-tourn"]
[EventRounds "9"]
[EventCountry "DEN"]
[SourceTitle "Live v. Kasper Jerwiarz"]
[Table "5"]

1. c4 e5 2. Nc3 Nf6 3. e4 Nc6 4. Nf3 Bb4 5. Be2 d6 
6. d3 Bc5 7. O-O Bg4 8. Nd5 Bxf3 9. Bxf3 Nxd5 10. cxd5 Nd4 
11. Bg4 O-O 12. Be3 c6 13. dxc6 bxc6 14. Rc1 Qb6 15. b3 a5 
16. Bd7 Ne6 17. Qe2 Bxe3 18. Qxe3 Nc5 19. Bf5 a4 20. d4 exd4 
21. Qxd4 axb3 22. axb3 Qc7 23. Rc3 Rfe8 24. b4 Ne6 25. Bxe6 Rxe6 
26. Rfc1 Rc8 27. h4 Qd7 28. h5 Qe8 29. Rg3 f6 30. h6 g6 
31. f4 Rxe4 32. Qxf6 Qe7 33. Qxe7 Rxe7 34. f5 Re5 35. fxg6 Rh5 
36. Rgc3 c5 37. Rd3 Rb8 38. Rxd6 hxg6 39. bxc5 Re5 40. c6 1-0

[Event "Skakligaen 2023-24"]
[Site "Denmark"]
[Date "2023.10.28"]
[Round "1.6"]
[Board "6"]
[White "Pedersen, Daniel Vesterbaek"]
[Black "Haubro, Sigfred"]
[Result "1/2-1/2"]
[WhiteElo "2188"]
[BlackElo "2186"]
[PlyCount "30"]
[WhiteTeam "Fredericia"]
[BlackTeam "BMS"]
[EventDate "2023.10.28"]
[EventType "team-tourn"]
[EventRounds "9"]
[EventCountry "DEN"]
[SourceTitle "Live v. Kasper Jerwiarz"]
[Table "6"]

1. e4 d5 2. exd5 Qxd5 3. Nc3 Qa5 4. d4 Nf6 5. Nf3 Bf5 
6. Ne5 c6 7. g4 Be6 8. f4 Ne4 9. Bd2 Nxd2 10. Qxd2 Nd7 
11. Nc4 Bxc4 12. Bxc4 e6 13. Ne4 Qxd2+ 14. Kxd2 Be7 15. c3 Nb6 
1/2-1/2

[Event "Skakligaen 2023-24"]
[Site "Denmark"]
[Date "2023.10.28"]
[Round "1.7"]
[Board "7"]
[White "Akdag, Dara Sevkan"]
[Black "Easwaralingam, Adesh"]
[Result "0-1"]
[WhiteElo "2163"]
[BlackElo "2156"]
[PlyCount "72"]
[WhiteTeam "BMS"]
[BlackTeam "Fredericia"]
[EventDate "2023.10.28"]
[EventType "team-tourn"]
[EventRounds "9"]
[EventCountry "DEN"]
[SourceTitle "Live v. Kasper Jerwiarz"]
[Table "7"]

1. f4 Nf6 2. Nf3 d5 3. g3 c5 4. Bg2 Nc6 5. O-O g6 
6. d3 Bg7 7. c3 O-O 8. a4 Qc7 9. Na3 a6 10. Qe1 Rb8 
11. e4 dxe4 12. dxe4 e5 13. Nc4 Nd7 14. f5 b5 15. Ne3 Ne7 
16. g4 f6 17. g5 gxf5 18. exf5 Bb7 19. Qh4 Rf7 20. axb5 axb5 
21. Qh5 e4 22. Nd2 fxg5 23. Ng4 Nf6 24. Nxf6+ Rxf6 25. Nxe4 Rh6 
26. Qxg5 Qxh2+ 27. Kf2 Bxe4 28. Bf4 Qxg2+ 29. Qxg2 Bxg2 30. Rg1 Rf8 
31. Bxh6 Rxf5+ 32. Kxg2 Bxh6 33. Ra8+ Rf8 34. Ra7 Nd5 35. Rh1 Bg7 
36. Rh5 Nf4+ 0-1

[Event "Skakligaen 2023-24"]
[Site "Denmark"]
[Date "2023.10.28"]
[Round "1.8"]
[Board "8"]
[White "Friis, Carsten Bank"]
[Black "Jarlskov, Daniel Tuk Hartso"]
[Result "1/2-1/2"]
[WhiteElo "2139"]
[BlackElo "2097"]
[PlyCount "41"]
[WhiteTeam "Fredericia"]
[BlackTeam "BMS"]
[EventDate "2023.10.28"]
[EventType "team-tourn"]
[EventRounds "9"]
[EventCountry "DEN"]
[SourceTitle "Live v. Kasper Jerwiarz"]
[Table "8"]

1. d4 d5 2. Nf3 Nf6 3. Bf4 e6 4. c3 c5 5. e3 Bd6 
6. Bxd6 Qxd6 7. Nbd2 Nc6 8. Bd3 O-O 9. O-O Re8 10. dxc5 Qxc5 
11. e4 dxe4 12. Nxe4 Nxe4 13. Bxe4 Ne5 14. Qc2 Nxf3+ 15. Bxf3 Qc7 
16. Rad1 Bd7 17. Rd4 e5 18. Rh4 h6 19. Rb4 Rab8 20. Bd5 Be6 
21. Bxe6 1/2-1/2

[Event "Skakligaen 2023-24"]
[Site "Denmark"]
[Date "2023.10.28"]
[Round "1.1"]
[Board "1"]
[White "Hillarp Persson, Tiger"]
[Black "Bjerre, Jonas Buhl"]
[Result "0-1"]
[WhiteElo "2497"]
[BlackElo "2637"]
[PlyCount "128"]
[WhiteTeam "Bronshoj"]
[BlackTeam "Skanderborg"]
[EventDate "2023.10.28"]
[EventType "team-tourn"]
[EventRounds "9"]
[EventCountry "DEN"]
[SourceTitle "Live v. Kasper Jerwiarz"]
[Table "1"]

1. Nf3 d5 2. g3 Nf6 3. Bg2 e6 4. O-O Be7 5. c4 O-O 
6. d4 a5 7. Nc3 c6 8. Qd3 b6 9. b3 Ba6 10. a4 Bb4 
11. Bb2 Nbd7 12. Rfd1 Qe7 13. Rac1 Rfd8 14. Qb1 Rac8 15. Nd2 c5 
16. Nb5 cxd4 17. cxd5 Rxc1 18. Qxc1 Rc8 19. Qb1 Bxb5 20. axb5 exd5 
21. Nf3 Qxe2 22. Nxd4 Qh5 23. h3 Re8 24. g4 Qg6 25. Qxg6 hxg6 
26. g5 Ne4 27. Nc6 Ndc5 28. Rxd5 Nxb3 29. Rd3 Nbc5 30. Re3 Nd6 
31. Rxe8+ Nxe8 32. Ne7+ Kf8 33. Nc8 Na4 34. Bd4 Nd6 35. Nxb6 Nxb6 
36. Bxb6 Nxb5 37. Bc6 Nd6 38. Kg2 Ke7 39. Bc7 Nf5 40. Bf4 Ke6 
41. Ba4 Bd6 42. Bd2 Nh4+ 43. Kf1 Bb4 44. Bc1 Nf5 45. Bb3+ Ke7 
46. Ba4 Nd6 47. Kg2 Nc4 48. Bb5 Nb6 49. Kf3 Bc5 50. Bd2 a4 
51. Ba5 a3 52. Bxb6 Bxb6 53. Bc4 f5 54. gxf6+ gxf6 55. Ke2 g5 
56. f4 gxf4 57. Kf3 Bc7 58. h4 f5 59. h5 Kf6 60. Ba2 Kg5 
61. Bf7 Bd6 62. Kf2 Bf8 63. Kf3 Kf6 64. Ba2 Ke5 0-1

[Event "Skakligaen 2023-24"]
[Site "Denmark"]
[Date "2023.10.28"]
[Round "1.2"]
[Board "2"]
[White "Andersen, Mads"]
[Black "Vasli, Aref"]
[Result "1-0"]
[WhiteElo "2606"]
[BlackElo "2392"]
[PlyCount "45"]
[WhiteTeam "Skanderborg"]
[BlackTeam "Bronshoj"]
[EventDate "2023.10.28"]
[EventType "team-tourn"]
[EventRounds "9"]
[EventCountry "DEN"]
[SourceTitle "Live v. Kasper Jerwiarz"]
[Table "2"]

1. e4 e5 2. Nf3 Nc6 3. Bb5 Nge7 4. Nc3 d6 5. d4 Bd7 
6. Bc4 h6 7. Be3 exd4 8. Nxd4 Nxd4 9. Qxd4 Nc6 10. Qd2 Ne5 
11. Be2 Be7 12. f4 Ng6 13. O-O-O c6 14. g3 Qc7 15. Kb1 b5 
16. Bf3 a5 17. Ne2 O-O 18. h4 Rfd8 19. h5 Nf8 20. g4 d5 
21. exd5 Be6 22. Qc3 Bxd5 23. Bxd5 1-0

[Event "Skakligaen 2023-24"]
[Site "Denmark"]
[Date "2023.10.28"]
[Round "1.3"]
[Board "3"]
[White "Aabling Thomsen, Jakob"]
[Black "Pajeken, Jakob Leon"]
[Result "0-1"]
[WhiteElo "2346"]
[BlackElo "2416"]
[PlyCount "76"]
[WhiteTeam "Bronshoj"]
[BlackTeam "Skanderborg"]
[EventDate "2023.10.28"]
[EventType "team-tourn"]
[EventRounds "9"]
[EventCountry "DEN"]
[SourceTitle "Live v. Kasper Jerwiarz"]
[Table "3"]

1. c4 e5 2. Nc3 Nf6 3. g3 Bb4 4. Bg2 O-O 5. e4 Bxc3 
6. dxc3 d6 7. Qe2 Nc6 8. Nf3 h6 9. O-O Be6 10. Rd1 Qc8 
11. Nd2 Nh7 12. Nf1 Bg4 13. f3 Bh3 14. Ne3 Bxg2 15. Kxg2 Ne7 
16. Nd5 Nxd5 17. cxd5 f5 18. Be3 Nf6 19. Rf1 fxe4 20. fxe4 Nxe4 
21. Bxh6 Nf6 22. Bg5 Nxd5 23. Rxf8+ Qxf8 24. Rf1 Qe8 25. c4 Nb6 
26. b3 Qe6 27. h4 Nd7 28. h5 Rf8 29. Rxf8+ Nxf8 30. Qe3 Qg4 
31. Be7 Ne6 32. h6 gxh6 33. c5 Nf4+ 34. Kf2 Nd5 35. Qxh6 Nxe7 
36. cxd6 cxd6 37. Qxd6 Qxg3+ 38. Ke2 Kf7 0-1

[Event "Skakligaen 2023-24"]
[Site "Denmark"]
[Date "2023.10.28"]
[Round "1.4"]
[Board "4"]
[White "Pedersen, Nicolai Vesterbaek"]
[Black "Pilgaard, Kim"]
[Result "1/2-1/2"]
[WhiteElo "2341"]
[BlackElo "2379"]
[PlyCount "43"]
[WhiteTeam "Skanderborg"]
[BlackTeam "Bronshoj"]
[EventDate "2023.10.28"]
[EventType "team-tourn"]
[EventRounds "9"]
[EventCountry "DEN"]
[SourceTitle "Live v. Kasper Jerwiarz"]
[Table "4"]

1. d4 d5 2. c4 dxc4 3. Nf3 a6 4. a4 Nc6 5. e4 Bg4 
6. Bxc4 e6 7. Be3 Nf6 8. Nc3 Bb4 9. Qd3 O-O 10. Nd2 e5 
11. d5 Ne7 12. f3 Bd7 13. O-O Ng6 14. g3 Qe7 15. Bb3 Rad8 
16. Na2 Bc5 17. Rac1 Bxe3+ 18. Qxe3 c6 19. Rfd1 cxd5 20. exd5 Bf5 
21. Qg5 Bd3 22. Qe3 1/2-1/2

[Event "Skakligaen 2023-24"]
[Site "Denmark"]
[Date "2023.10.28"]
[Round "1.5"]
[Board "5"]
[White "Hoi, Carsten"]
[Black "Boe, Mads"]
[Result "1/2-1/2"]
[WhiteElo "2323"]
[BlackElo "2283"]
[PlyCount "44"]
[WhiteTeam "Bronshoj"]
[BlackTeam "Skanderborg"]
[EventDate "2023.10.28"]
[EventType "team-tourn"]
[EventRounds "9"]
[EventCountry "DEN"]
[SourceTitle "Live v. Kasper Jerwiarz"]
[Table "5"]

1. e4 c6 2. c4 d5 3. cxd5 cxd5 4. exd5 Nf6 5. Nc3 Nxd5 
6. Nf3 Nc6 7. d4 e6 8. Bd3 Be7 9. O-O O-O 10. Re1 Bf6 
11. Be4 Nce7 12. Qd3 g6 13. Bh6 Bg7 14. Qd2 b6 15. h4 Bb7 
16. h5 Nxc3 17. Bxb7 Bxh6 18. Qxh6 Nf5 19. Qf4 Rb8 20. bxc3 Rxb7 
21. hxg6 hxg6 22. g3 Qc7 1/2-1/2

[Event "Skakligaen 2023-24"]
[Site "Denmark"]
[Date "2023.10.28"]
[Round "1.6"]
[Board "6"]
[White "Brondt, Nicolai Kvist"]
[Black "Palm, Nikolaj"]
[Result "1/2-1/2"]
[WhiteElo "2234"]
[BlackElo "2271"]
[PlyCount "45"]
[WhiteTeam "Skanderborg"]
[BlackTeam "Bronshoj"]
[EventDate "2023.10.28"]
[EventType "team-tourn"]
[EventRounds "9"]
[EventCountry "DEN"]
[SourceTitle "Live v. Kasper Jerwiarz"]
[Table "6"]

1. d4 d5 2. c4 e6 3. Nc3 Nf6 4. cxd5 exd5 5. Bg5 Nbd7 
6. e3 c6 7. Bd3 Be7 8. h3 O-O 9. Qc2 Re8 10. Bf4 Nf8 
11. Nf3 Ng6 12. Bh2 Bd6 13. Bxd6 Qxd6 14. O-O-O b6 15. g4 Be6 
16. Kb1 c5 17. g5 Nd7 18. Rdg1 c4 19. Bf5 a6 20. h4 b5 
21. h5 Bxf5 22. Qxf5 Ne7 23. Qf4 1/2-1/2

[Event "Skakligaen 2023-24"]
[Site "Denmark"]
[Date "2023.10.28"]
[Round "1.7"]
[Board "7"]
[White "Junge, Ralph"]
[Black "Berg, Klaus"]
[Result "1/2-1/2"]
[WhiteElo "2253"]
[BlackElo "2273"]
[PlyCount "33"]
[WhiteTeam "Bronshoj"]
[BlackTeam "Skanderborg"]
[EventDate "2023.10.28"]
[EventType "team-tourn"]
[EventRounds "9"]
[EventCountry "DEN"]
[SourceTitle "Live v. Kasper Jerwiarz"]
[Table "7"]

1. e4 c6 2. Nc3 d5 3. Qf3 dxe4 4. Nxe4 Nd7 5. d4 Ndf6 
6. c3 Nxe4 7. Qxe4 Nf6 8. Qf4 Qd6 9. Nf3 Qxf4 10. Bxf4 Bf5 
11. Nh4 Bc2 12. Kd2 Be4 13. f3 Bg6 14. Re1 e6 15. Kc1 O-O-O 
16. Bc4 Bd6 17. Bg5 1/2-1/2

[Event "Skakligaen 2023-24"]
[Site "Denmark"]
[Date "2023.10.28"]
[Round "1.8"]
[Board "8"]
[White "Kjeldsen, Jens"]
[Black "Falkesgaard, Jeppe Hald"]
[Result "1/2-1/2"]
[WhiteElo "2391"]
[BlackElo "2162"]
[PlyCount "80"]
[WhiteTeam "Skanderborg"]
[BlackTeam "Bronshoj"]
[EventDate "2023.10.28"]
[EventType "team-tourn"]
[EventRounds "9"]
[EventCountry "DEN"]
[SourceTitle "Live v. Kasper Jerwiarz"]
[Table "8"]

1. c4 c5 2. Nc3 Nc6 3. g3 g6 4. Bg2 Bg7 5. e3 e6 
6. Nge2 Nge7 7. O-O O-O 8. d4 cxd4 9. exd4 d5 10. cxd5 Nxd5 
11. Nxd5 exd5 12. Be3 Bg4 13. h3 Bxe2 14. Qxe2 Nxd4 15. Qd3 Nf5 
16. Bc5 Re8 17. Rfd1 Bxb2 18. Rab1 Qf6 19. Bxd5 Rac8 20. Bxa7 b6 
21. Qb3 Bd4 22. Bxb6 Nxg3 23. Bxd4 Ne2+ 24. Kf1 Nxd4 25. Bxf7+ Kg7 
26. Rxd4 Qxd4 27. Bxe8 Rxe8 28. Qb2 Qxb2 29. Rxb2 Ra8 30. Kg2 Ra3 
31. f3 Kf6 32. Kg3 Kf5 33. Rb5+ Kf6 34. Rb2 Kf5 35. h4 h6 
36. Rb5+ Kf6 37. Rb2 Kf5 38. Rc2 Ra5 39. Rb2 Ra3 40. Rd2 Ra5 
1/2-1/2

[Event "Skakligaen 2023-24"]
[Site "Denmark"]
[Date "2023.10.28"]
[Round "1.1"]
[Board "1"]
[White "Rasmussen, Allan Stig"]
[Black "Ramsdal, Jens Albert"]
[Result "1/2-1/2"]
[WhiteElo "2510"]
[BlackElo "2399"]
[PlyCount "112"]
[WhiteTeam "Frem"]
[BlackTeam "SK1968"]
[EventDate "2023.10.28"]
[EventType "team-tourn"]
[EventRounds "9"]
[EventCountry "DEN"]
[SourceTitle "Live v. Kasper Jerwiarz"]
[Table "1"]

1. c4 e6 2. Nf3 Nf6 3. g3 Be7 4. Bg2 d5 5. O-O O-O 
6. d4 dxc4 7. Qa4 a6 8. Qxc4 b5 9. Qc2 Bb7 10. Bd2 Be4 
11. Qc1 Qc8 12. Bg5 Nbd7 13. Nbd2 Bb7 14. Qb1 c5 15. dxc5 Qxc5 
16. Rc1 Qb6 17. Be3 Qd6 18. Bf4 Qb6 19. Be3 Qd6 20. Nd4 Bxg2 
21. Kxg2 Nd5 22. Rc6 Qe5 23. N2f3 Nxe3+ 24. Kh1 Qb8 25. fxe3 Ne5 
26. Rc3 Bf6 27. Nxe5 Qxe5 28. Nf3 Qd6 29. Rd3 Qc6 30. Rd2 Rfd8 
31. Qc2 Qb6 32. e4 Rxd2 33. Qxd2 Rd8 34. Qc2 Qd6 35. Rf1 h6 
36. b3 g5 37. Ne1 Qd1 38. Qxd1 Rxd1 39. Kg2 Bc3 40. Nf3 Rd7 
41. g4 b4 42. h3 Kg7 43. Kf2 Rc7 44. Ke3 Rc5 45. Kd3 Bf6 
46. e3 Bb2 47. Kd2 Bf6 48. Rc1 Bc3+ 49. Kd3 f5 50. exf5 exf5 
51. Rc2 Kf6 52. e4 f4 53. Rh2 Be5 54. Rc2 Bc3 55. Rh2 Be5 
56. Rc2 Bc3 1/2-1/2

[Event "Skakligaen 2023-24"]
[Site "Denmark"]
[Date "2023.10.28"]
[Round "1.2"]
[Board "2"]
[White "Lauridsen, Jesper Morch"]
[Black "Hansen, Mads"]
[Result "0-1"]
[WhiteElo "2304"]
[BlackElo "2388"]
[PlyCount "122"]
[WhiteTeam "SK1968"]
[BlackTeam "Frem"]
[EventDate "2023.10.28"]
[EventType "team-tourn"]
[EventRounds "9"]
[EventCountry "DEN"]
[SourceTitle "Live v. Kasper Jerwiarz"]
[Table "2"]

1. e4 e5 2. Nc3 Nf6 3. Bc4 Nc6 4. d3 Na5 5. Bb3 Nxb3 
6. axb3 d6 7. d4 exd4 8. Qxd4 a6 9. Nf3 Be7 10. O-O Bg4 
11. Qd3 O-O 12. h3 Bh5 13. Bf4 Re8 14. Rad1 Bf8 15. Rfe1 Bg6 
16. Qc4 b5 17. Qc6 b4 18. Nd5 Nxd5 19. exd5 Be7 20. Be3 Be4 
21. Nd4 Bf6 22. Qc4 Qd7 23. f3 Bg6 24. Qxb4 Re5 25. Nc6 Rh5 
26. Qg4 Rf5 27. Bf2 h5 28. Qc4 Kh7 29. Nd4 Re5 30. c3 Rae8 
31. Nc6 Rxe1+ 32. Rxe1 Rxe1+ 33. Bxe1 Qf5 34. Bh4 Bxh4 35. Qxh4 Qxd5 
36. Qc4 Qd2 37. Nd4 c5 38. Nc6 Qxb2 39. Ne7 Qb1+ 40. Kh2 Qd3 
41. Qf4 f6 42. Nc8 d5 43. Nb6 Qxc3 44. Nd7 Bc2 45. Qb8 Qe3 
46. Qc7 Qe7 47. Qxc5 Qxc5 48. Nxc5 d4 49. Kg3 d3 50. Ne4 Bxb3 
51. Kf2 h4 52. Ke3 Bc2 53. Kd2 a5 54. g3 hxg3 55. Nxg3 a4 
56. Ne4 Kg6 57. h4 Kh5 58. Ng3+ Kxh4 59. Nf5+ Kh3 60. Nxg7 a3 
61. Kc3 a2 0-1

[Event "Skakligaen 2023-24"]
[Site "Denmark"]
[Date "2023.10.28"]
[Round "1.3"]
[Board "3"]
[White "Dyrgaard, Kristoffer"]
[Black "Thogersen, Rasmus"]
[Result "1/2-1/2"]
[WhiteElo "2269"]
[BlackElo "2321"]
[PlyCount "123"]
[WhiteTeam "Frem"]
[BlackTeam "SK1968"]
[EventDate "2023.10.28"]
[EventType "team-tourn"]
[EventRounds "9"]
[EventCountry "DEN"]
[SourceTitle "Live v. Kasper Jerwiarz"]
[Table "3"]

1. e4 c5 2. Nf3 d6 3. d4 cxd4 4. Nxd4 Nf6 5. Nc3 a6 
6. h4 e5 7. Nb3 h6 8. Be2 Be7 9. g4 b5 10. a4 b4 
11. Nd5 Bb7 12. Be3 Nbd7 13. Nxe7 Qxe7 14. f3 a5 15. Bb5 O-O 
16. g5 Nh5 17. Bxd7 Qxd7 18. Nc5 Qc7 19. Nxb7 Qxb7 20. Qxd6 b3 
21. c3 Rad8 22. Qb6 Qd7 23. Rh2 Qe6 24. gxh6 Rd6 25. Qb5 Rfd8 
26. Rd2 Rxd2 27. Bxd2 Qh3 28. O-O-O Qxf3 29. Qxb3 Nf4 30. Qc2 gxh6 
31. Kb1 Kh7 32. c4 Rd4 33. c5 Nd3 34. Rg1 Qf2 35. Rd1 Qf3 
36. Rg1 Qxe4 37. c6 Rc4 38. Bc3 Nf2 39. Qxe4+ Nxe4 40. Bxa5 Rxc6 
41. Rc1 Ra6 42. Bc7 Rxa4 43. Bxe5 f6 44. Bf4 h5 45. b3 Nc3+ 
46. Rxc3 Rxf4 47. Rc4 Rxc4 48. bxc4 Kg6 49. Kc2 Kf5 50. Kd3 Ke5 
51. Ke3 Kd6 52. Ke4 Kc5 53. Kf5 Kxc4 54. Kg6 f5 55. Kxh5 Kd5 
56. Kg5 Ke6 57. h5 Kf7 58. Kxf5 Kg7 59. Kg5 Kh7 60. h6 Kg8 
61. Kg6 Kh8 62. h7 1/2-1/2

[Event "Skakligaen 2023-24"]
[Site "Denmark"]
[Date "2023.10.28"]
[Round "1.4"]
[Board "4"]
[White "Matthiesen, Martin"]
[Black "Ostergreen Johansen, Torben"]
[Result "1-0"]
[WhiteElo "2282"]
[BlackElo "2160"]
[PlyCount "81"]
[WhiteTeam "SK1968"]
[BlackTeam "Frem"]
[EventDate "2023.10.28"]
[EventType "team-tourn"]
[EventRounds "9"]
[EventCountry "DEN"]
[SourceTitle "Live v. Kasper Jerwiarz"]
[Table "4"]

1. d4 d5 2. c4 e6 3. Nc3 c5 4. cxd5 exd5 5. Nf3 Nf6 
6. Bg5 Be6 7. g3 Nc6 8. Bg2 h6 9. Bxf6 Qxf6 10. dxc5 Bxc5 
11. Nxd5 Bxd5 12. Qxd5 Bb4+ 13. Kf1 Qxb2 14. Qe4+ Ne7 15. Rb1 Rc8 
16. Ne1 Qxa2 17. Qxb4 O-O 18. Qxb7 Rfe8 19. Qb2 Qe6 20. Qb3 Qd6 
21. Bf3 Nf5 22. Kg2 Rb8 23. Qd3 Rxb1 24. Qxb1 Nd4 25. e3 Ne6 
26. Qd3 Qe5 27. Qd5 Qf6 28. Nc2 Rd8 29. Qc6 Qb2 30. Rd1 Rxd1 
31. Bxd1 Qc1 32. Bf3 Qd2 33. Nd4 Nf8 34. Qa8 Qa5 35. Bd5 Qc7 
36. e4 g6 37. Nb5 Qb6 38. Qxa7 Qxa7 39. Nxa7 Nd7 40. Nc6 Kg7 
41. f4 1-0

[Event "Skakligaen 2023-24"]
[Site "Denmark"]
[Date "2023.10.28"]
[Round "1.5"]
[Board "5"]
[White "Le Besq, Alexander"]
[Black "Bank, Pelle Rodkjaer"]
[Result "0-1"]
[WhiteElo "2186"]
[BlackElo "2285"]
[PlyCount "100"]
[WhiteTeam "Frem"]
[BlackTeam "SK1968"]
[EventDate "2023.10.28"]
[EventType "team-tourn"]
[EventRounds "9"]
[EventCountry "DEN"]
[SourceTitle "Live v. Kasper Jerwiarz"]
[Table "5"]

1. e4 g6 2. d4 Bg7 3. Nc3 c6 4. f4 Qb6 5. Nf3 d5 
6. e5 Bg4 7. Be2 Nh6 8. Na4 Qc7 9. Be3 Nd7 10. Qd2 Nf5 
11. Bf2 e6 12. h3 Bxf3 13. Bxf3 h5 14. g4 hxg4 15. hxg4 Rxh1+ 
16. Bxh1 Ne7 17. O-O-O b5 18. Nc3 Nb6 19. Kb1 a5 20. Bf3 Nc4 
21. Qc1 a4 22. a3 Kd7 23. Rh1 Qa5 24. Be1 Qb6 25. Ne2 c5 
26. Rh7 Rg8 27. b3 axb3 28. cxb3 cxd4 29. bxc4 bxc4+ 30. Qb2 Qxb2+ 
31. Kxb2 d3 32. Nd4 g5 33. Bg3 gxf4 34. Bxf4 Ng6 35. Bg3 Bxe5 
36. Bxe5 Nxe5 37. Bd1 Kd6 38. Kc3 Kc5 39. a4 Rb8 40. Rh5 Rb1 
41. Rxe5 Rxd1 42. Nf3 Rc1+ 43. Kd2 Rc2+ 44. Kd1 Ra2 45. Re3 Rxa4 
46. g5 Ra2 47. g6 fxg6 48. Rxe6 c3 49. Ke1 Ra1+ 50. Kf2 d2 
0-1

[Event "Skakligaen 2023-24"]
[Site "Denmark"]
[Date "2023.10.28"]
[Round "1.6"]
[Board "6"]
[White "Hansen, Lars"]
[Black "Nilssen, Ellen Fredericia"]
[Result "1-0"]
[WhiteElo "2189"]
[BlackElo "2161"]
[PlyCount "71"]
[WhiteTeam "SK1968"]
[BlackTeam "Frem"]
[EventDate "2023.10.28"]
[EventType "team-tourn"]
[EventRounds "9"]
[EventCountry "DEN"]
[SourceTitle "Live v. Kasper Jerwiarz"]
[Table "6"]

1. d4 Nf6 2. Bg5 d5 3. e3 c5 4. Bxf6 gxf6 5. Nc3 cxd4 
6. exd4 Bf5 7. Bd3 Bg6 8. f4 f5 9. h4 h5 10. Nf3 Nc6 
11. Ne2 Qb6 12. c3 e6 13. Qb3 Qxb3 14. axb3 f6 15. b4 Bd6 
16. O-O Kd7 17. b5 Ne7 18. g3 Bc7 19. Nc1 Bb6 20. b3 Rhd8 
21. c4 dxc4 22. bxc4 Ke8 23. c5 Bc7 24. Bc4 Bf7 25. Re1 Kd7 
26. Nd3 Nd5 27. Bxd5 exd5 28. Nb4 Re8 29. Rxe8 Rxe8 30. Rxa7 Re3 
31. Rxb7 Kc8 32. Ra7 Rxf3 33. Kg2 Re3 34. Na6 Re7 35. c6 Bd8 
36. Ra8# 1-0